Využití investičního fondu v procesu privatizace
Účasť investičných fondov v procese privatizácie. Privatizácia a jej alternatívy. Základné princípy privatizačného procesu. Investičný fond - charakteristika. Investičný fond v privatizačnom procese ČSFR.
Salvato in:
| Autore principale: | |
|---|---|
| Altri autori: | |
| Natura: | Capitolo di libro |
| Lingua: | ceco |
| Soggetti: | |
| Tags: |
Nessun Tag, puoi essere il primo ad aggiungerne!!
|
MARC
| LEADER | 00000naa$a2200000$$$4500 | ||
|---|---|---|---|
| 001 | 0006044 | ||
| 005 | 20231004104245.5 | ||
| 041 | 0 | |a cze | |
| 044 | |a CZ | ||
| 245 | 1 | 0 | |a Využití investičního fondu v procesu privatizace |c aut. Miroslav Nakládal, Zdeněk Raška |
| 520 | |a Účasť investičných fondov v procese privatizácie. Privatizácia a jej alternatívy. Základné princípy privatizačného procesu. Investičný fond - charakteristika. Investičný fond v privatizačnom procese ČSFR. | ||
| 610 | 2 | 0 | |a privatizácia |
| 610 | 2 | 0 | |a vlastníctvo štátne |
| 610 | 2 | 0 | |a reformy hospodárske |
| 610 | 2 | 0 | |a investovanie kolektívne |
| 610 | 2 | 0 | |a fondy investičné |
| 610 | 2 | 0 | |a Česko |
| 610 | 2 | 0 | |a ČSFR |
| 100 | 1 | |a Nakládal, Miroslav | |
| 700 | 1 | |a Raška, Zdeněk | |